lana del rey - Statistiques

Statistiques générales
  • Ce quiz a été pris 525 fois
  • Le résultat moyen est 51 sur 137
Statistiques - réponses
Réponse % Correct
born to die
80%
ultraviolence
80%
summertime sadness
73%
honeymoon
71%
lust for life
70%
norman fucking rockwell
68%
chemtrails over the country club
66%
video games
65%
brooklyn baby
64%
margaret
64%
blue banisters
61%
west coast
60%
carmen
59%
cinnamon girl
59%
love
59%
sad girl
58%
cherry
57%
radio
57%
ride
57%
salvatore
57%
blue jeans
56%
art deco
55%
a&w
54%
let the light in
54%
pretty when you cry
53%
dark paradise
52%
happiness is a butterfly
52%
young and beautiful
52%
national anthem
51%
white mustang
51%
cola
50%
doin' time
49%
paris, texas
49%
the grants
48%
black beauty
47%
dealer
47%
diet mountain dew
47%
the other woman
47%
did you know that there's a tunnelunder ocean
46%
lolita
46%
peppers
46%
sweet
45%
high by the beach
44%
shades of cool
44%
love song
43%
million dollar man
43%
money power glory
43%
this is what makes us girls
43%
music to watch boys to
42%
old money
42%
venice bitch
42%
say yes to heaven
41%
24
40%
california
40%
freak
40%
mariners apartment complex
40%
white dress
40%
arcadia
39%
florida kilos
39%
cruel world
38%
fucked my way up to the top
38%
religion
38%
hope is a dangerous thing for a woman like me to have
37%
american
36%
bartender
36%
candy necklace
36%
fishtail
36%
guns and roses
36%
thunder
36%
gods & monsters
35%
off to the races
35%
swan song
35%
13 beaches
34%
blue velvet
34%
fingertips
34%
interlude
34%
living legend
34%
beautiful
33%
summer bummer
33%
taco truck x vb
33%
text book
33%
the greatest
33%
tulsa jesus freak
33%
bel air
32%
fuck it i love you
32%
yayo
32%
groupie love
31%
violets for roses
31%
body electric
30%
cherry blossom
30%
get free
30%
heroin
30%
in my feelings
30%
without you
30%
god knows i tried
29%
how to disappear
29%
sweet carolina
29%
the blackest day
29%
black bathing suit
28%
kintsugi
28%
terrence loves you
28%
change
27%
lucky ones
27%
wildflower wildfire
27%
the next best american record
26%
dark but just a game
25%
if you lie down with me
25%
jon batiste interlude
25%
nectar of the gods
25%
yosemite
24%
for free
23%
don't let me be misunderstood
22%
once upon a dream
22%
tomorrow never came
22%
wild at heart
22%
beautiful people beautiful problems
21%
judah smith interlude
21%
let me love you like a woman
19%
breaking up slowly
18%
burnt norton-interlude
18%
dance till we die
18%
coachella-woodstock in my mind
15%
watercolor eyes
15%
when the world was at war wekept dancing
14%
god bless america-and all thebeautiful women in it
13%
season of the witch
13%
not all who wander are lost
12%
looking for america
10%
hollywood bowl
9%
lost at sea
9%
buddy's rendezvous
5%
god save our young blood
5%
grandfather please stand on the soulders of my father while he's deep-sea fishing
4%
hallucinogenics
2%
summertime the gershwin
2%
dayglo reflection
1%
Aucun quiz correspondant
Distribution des résultats
% des personnes avec chaque résultat
Percentile par nombre de réponses
Votre historique - résultats
Vous n’avez pas pris ce quiz